Catálogo público

Reporte de viaje de estudios al bajío y parte del noroeste de la República Mexicana / (Record no. 177122)

MARC details
000 -CABECERA
campo de control de longitud fija 02690nam a2200517Ia 4500
001 - NÚMERO DE CONTROL
campo de control dia_5969
003 - IDENTIFICADOR DEL NÚMERO DE CONTROL
campo de control CHAP
005 - FECHA Y HORA DE LA ÚLTIMA TRANSACCIÓN
campo de control 20240429091259.0
007 - CAMPO FIJO DE DESCRIPCIÓN FÍSICA--INFORMACIÓN GENERAL
campo de control de longitud fija ta
008 - DATOS DE LONGITUD FIJA--INFORMACIÓN GENERAL
campo de control de longitud fija 220117s2015 mx abo f 001 0 spa d
040 ## - FUENTE DE LA CATALOGACIÓN
Centro catalogador/agencia de origen mxchpua
Centro/agencia transcriptor CHAP
090 ## - LOCALMENTE ASIGNADO TIPO-LC NÚMERO DE CLASIFICACIÓN (OCLC); NÚMERO DE CLASIFICACIÓN LOCAL (RLIN)
Número de clasificación (OCLC) (R) ; Numero de clasificación, CALL (RLIN) (NR) T.C.677
Número cutter local (OCLC) ; Número de libro/Signatura topográfica íntegra, CALL (RLIN) M37 IA
Año 2015
245 10 - MENCIÓN DE TÍTULO
Título Reporte de viaje de estudios al bajío y parte del noroeste de la República Mexicana /
Mención de responsabilidad, etc. coordinador Francisco Martínez Mosqueda ; colaboradores Fabiola Aguilar Aguilar...[y otros]
260 ## - PUBLICACIÓN, DISTRIBUCIÓN, ETC.
Lugar de publicación, distribución, etc. México :
Nombre del editor, distribuidor, etc. El autor,
Fecha de publicación, distribución, etc. 2015
300 ## - DESCRIPCIÓN FÍSICA
Extensión 165 hojas :
Otras características físicas ilustraciones, mapas, tablas, fotos
336 ## - TIPO DE CONTENIDO
Fuente rdacontent
Término de tipo de contenido texto
Código de tipo de contenido txt
337 ## - TIPO DE MEDIO
Fuente rdamedia
Nombre/término del tipo de medio no mediado
Código del tipo de medio n
338 ## - TIPO DE SOPORTE
Fuente rdacarrier
Nombre/término del tipo de soporte volumen
Código del tipo de soporte nc
500 ## - NOTA GENERAL
Nota general Grado: 4°año Grupo: 03<br/>Directorio: hoja 153-162
502 ## - NOTA DE TESIS
Nota de tesis Viaje de estudios
Tipo de título (IA) --
Nombre de la institución que otorga el título UACh. Departamento de Ingeniería Agroindustrial,
Año de obtención del título 2015
504 ## - NOTA DE BIBLIOGRAFÍA, ETC.
Nota de bibliografía, etc. Bibliografía: hoja 165
505 00 - NOTA DE CONTENIDO CON FORMATO
Título Empresas visitadas: --<br/>1.Salsa Huichol --<br/>2.Café Camila --<br/>3. Tenería Cruz --<br/>4.Industrializadora de Porcinos Delta, S. A. de C. V. --<br/>5.La Cristalita, S. A. de C. V. --<br/>6.Fábrica de Cajetas la Reyna --<br/>7.Alimentos Deshidratados del Bajío Herdez Del Fuerte --<br/>8.Bimbo, Planta Toluca --<br/>9.Marlín y Atún Doña Jovita --<br/>10.Congeladora Oceanica S. A. de C. V. --<br/>11.Bimbo, Planta Mazatlán --<br/>12.Cervecería Del Pacífico --<br/>13.Queso VAI --<br/>14.Vinicola San Patricio --<br/>15.Finca Sala Vivé por Freixenet de México --<br/>16.Yakult, Planta Guadalajara, S. A. de C. V. --<br/>17.Premezclas y Vitaminas Tepa, S. A. de C. V. (PREVITEP) --<br/>18.Productos de Leche de Acatic, S. C. L. (PROLEA) --<br/>19.Ricolino, Planta Toluca --<br/>20.Tía Rosa, Planta Toluca --<br/>21.Destiladora de Agave Don Kiko --<br/>22.Tequilera Don Valente
650 13 - PUNTO DE ACCESO ADICIONAL DE MATERIA--TÉRMINO DE MATERIA
Término de materia o nombre geográfico como elemento de entrada Verduras
9 (RLIN) 150530
650 13 - PUNTO DE ACCESO ADICIONAL DE MATERIA--TÉRMINO DE MATERIA
Término de materia o nombre geográfico como elemento de entrada Vegetables
9 (RLIN) 151359
650 13 - PUNTO DE ACCESO ADICIONAL DE MATERIA--TÉRMINO DE MATERIA
Término de materia o nombre geográfico como elemento de entrada Granos
9 (RLIN) 139066
650 13 - PUNTO DE ACCESO ADICIONAL DE MATERIA--TÉRMINO DE MATERIA
Término de materia o nombre geográfico como elemento de entrada Fruta (alimentos)
9 (RLIN) 157059
650 13 - PUNTO DE ACCESO ADICIONAL DE MATERIA--TÉRMINO DE MATERIA
Término de materia o nombre geográfico como elemento de entrada Industria cervecera
9 (RLIN) 57799
650 13 - PUNTO DE ACCESO ADICIONAL DE MATERIA--TÉRMINO DE MATERIA
Término de materia o nombre geográfico como elemento de entrada Industria del ganado y de la carne
9 (RLIN) 147937
650 13 - PUNTO DE ACCESO ADICIONAL DE MATERIA--TÉRMINO DE MATERIA
Término de materia o nombre geográfico como elemento de entrada Industria del vino
9 (RLIN) 151418
650 13 - PUNTO DE ACCESO ADICIONAL DE MATERIA--TÉRMINO DE MATERIA
Término de materia o nombre geográfico como elemento de entrada Industria lechera
9 (RLIN) 57819
650 13 - PUNTO DE ACCESO ADICIONAL DE MATERIA--TÉRMINO DE MATERIA
Término de materia o nombre geográfico como elemento de entrada Tequila
9 (RLIN) 112336
650 13 - PUNTO DE ACCESO ADICIONAL DE MATERIA--TÉRMINO DE MATERIA
Término de materia o nombre geográfico como elemento de entrada Brewing industry
9 (RLIN) 151423
650 13 - PUNTO DE ACCESO ADICIONAL DE MATERIA--TÉRMINO DE MATERIA
Término de materia o nombre geográfico como elemento de entrada Dairy industry
9 (RLIN) 147068
650 13 - PUNTO DE ACCESO ADICIONAL DE MATERIA--TÉRMINO DE MATERIA
Término de materia o nombre geográfico como elemento de entrada Wine industry
9 (RLIN) 151419
650 13 - PUNTO DE ACCESO ADICIONAL DE MATERIA--TÉRMINO DE MATERIA
Término de materia o nombre geográfico como elemento de entrada Fruits (food)
9 (RLIN) 158619
650 13 - PUNTO DE ACCESO ADICIONAL DE MATERIA--TÉRMINO DE MATERIA
Término de materia o nombre geográfico como elemento de entrada Grains
9 (RLIN) 148186
650 13 - PUNTO DE ACCESO ADICIONAL DE MATERIA--TÉRMINO DE MATERIA
Término de materia o nombre geográfico como elemento de entrada Livestock and meat industry
9 (RLIN) 147938
700 1# - PUNTO DE ACCESO ADICIONAL--NOMBRE DE PERSONA
Nombre de persona Martínez Mosqueda, Francisco
9 (RLIN) 148600
Término indicativo de función/relación coordinador
700 1# - PUNTO DE ACCESO ADICIONAL--NOMBRE DE PERSONA
Nombre de persona Aguilar Aguilar, Fabiola
9 (RLIN) 137125
Término indicativo de función/relación colaborador
942 ## - ELEMENTOS DE PUNTO DE ACCESO ADICIONAL (KOHA)
Fuente del sistema de clasificación o colocación Clasificación Universidad Autónoma de Chapingo
901 ## - ELEMENTOS DE DATOS A LOCAL LDA (RLIN)
a T.C.677 M37 IA 2015
902 ## - ELEMENTOS DE DATOS B LOCAL, LDB (RLIN)
a M
905 ## - ELEMENTOS DE DATOS E LOCAL, LDE (RLIN)
a 5232272015 mx dnb 8223123322spa16
942 ## - ELEMENTOS DE PUNTO DE ACCESO ADICIONAL (KOHA)
Tipo de ítem Koha Viaje de Estudios
Holdings
Estado de retiro Estado de pérdida Fuente del sistema de clasificación o colocación Estado dañado Restricciones de uso No para préstamo Código de colección Localización permanente Ubicación/localización actual Fecha de adquisición Fuente de adquisición Total de préstamos Signatura topográfica completa Código de barras Fecha visto por última vez Número de copia Precio válido a partir de Tipo de ítem Koha
    Clasificación Universidad Autónoma de Chapingo   Préstamo interno   Viajes de Estudio Ingenieria Agroindustrial Ingenieria Agroindustrial 18/01/2022 El autor   T.C.677 M37 IA 2015 1106009362 26/01/2026 Ej.1 18/01/2022 Viaje de Estudios